000 00436cam a2200145 4500500
005 20251012032639.0
041 _afre
042 _adc
100 1 0 _aRamos Rosa, António
_eauthor
245 0 0 _aQuand la lumière s’efface…
260 _c2009.
500 _a10
786 0 _nSigila | 23 | 1 | 2009-06-20 | p. 212-213 | 1286-1715
856 4 1 _uhttps://shs.cairn.info/revue-sigila-2009-1-page-212?lang=fr&redirect-ssocas=7080
999 _c1547929
_d1547929